[Event "Arco op-A 39th"]
[Site "Arco"]
[Date "2017.10.13"]
[Round "7"]
[White "Buck, Klaus Michael"]
[Black "Maddaloni, Giovanni"]
[Result "1/2-1/2"]
[WhiteElo "1658"]
[BlackElo "1483"]
[PlyCount "48"]
[EventDate "2017.10.07"]
[EventType "swiss"]
[EventRounds "9"]
[EventCountry "ITA"]
[SourceTitle "CBM 181 Extra"]
[Source "ChessBase"]
[SourceDate "2017.12.12"]
[SourceVersion "1"]
[SourceVersionDate "2017.12.12"]
[SourceQuality "1"]

1. Nf3 Nf6 2. b3 g6 3. Bb2 Bg7 4. e3 c5 5. c4 Nc6 6. d4 b6 7. d5 Nb4 8. a3 Na6 9. Bd3 d6 10. Nbd2 0-0 11. 0-0 Nc7 12. e4 e5 13. dxe6 Nxe6 14. Re1 Bb7 15. Qc2 Nf4 16. Rad1 Nxd3 17. Qxd3 Qe7 18. e5 dxe5 19. Bxe5 Rad8 20. Bxf6 Qxf6 21. Qc2 Qc6 22. b4 Ba8 23. b5 Qc7 24. Ne4 Bd4 1/2-1/2

[Event "Arco op-A 39th"]
[Site "Arco"]
[Date "2017.10.12"]
[Round "6"]
[White "Buck, Klaus Michael"]
[Black "Kern, Beat"]
[Result "1/2-1/2"]
[WhiteElo "1658"]
[BlackElo "1579"]
[PlyCount "133"]
[EventDate "2017.10.07"]
[EventType "swiss"]
[EventRounds "9"]
[EventCountry "ITA"]
[SourceTitle "CBM 181 Extra"]
[Source "ChessBase"]
[SourceDate "2017.12.12"]
[SourceVersion "1"]
[SourceVersionDate "2017.12.12"]
[SourceQuality "1"]

1. Nf3 Nf6 2. b3 d5 3. Bb2 e6 4. e3 Be7 5. d4 0-0 6. Nbd2 c5 7. Bd3 Nc6 8. c3 Bd7 9. Bb1 cxd4 10. exd4 Rc8 11. 0-0 Qc7 12. h3 Bd6 13. c4 Bf4 14. Re1 Rfe8 15. Nf1 b6 16. g3 Bd6 17. a3 Be7 18. Kg2 dxc4 19. bxc4 Na5 20. Ne3 Nxc4 21. Nxc4 Qxc4 22. Ne5 Qb5 23. Bc1 Bc6+ 24. Kg1 Bd5 25. a4 Qb3 26. Be3 Qxd1 27. Rxd1 Bb4 28. Bd3 Rc7 29. Rab1 Ba5 30. Bb5 Rec8 31. g4 h6 32. g5 hxg5 33. Bxg5 Be4 34. Rbc1 Rxc1 35. Rxc1 Rxc1+ 36. Bxc1 Bc3 37. Be3 Nd5 38. Bc6 Bc2 39. Bb5 Bf5 40. Kh2 Bc2 41. Nc6 a6 42. Bxa6 Bxa4 43. Ne5 b5 44. Nd3 b4 45. Nc5 Bc2 46. Bc4 Kh7 47. Kg3 Kg6 48. Bb3 Bxb3 49. Nxb3 Kf5 50. Kf3 g6 51. Bc1 Nc7 52. Bd2 Nb5 53. Ke3 f6 54. Kd3 Bxd2 55. Nxd2 Nd6 56. Ke3 g5 57. f3 Nb5 58. Nb3 Nc3 59. Nc5 Nd5+ 60. Ke2 Nf4+ 61. Ke3 Nxh3 62. Ke2 Nf4+ 63. Ke3 Nd5+ 64. Ke2 g4 65. fxg4+ Kxg4 66. Nxe6 Kf5 67. Nc5 1/2-1/2

[Event "Arco op-A 39th"]
[Site "Arco"]
[Date "2017.10.10"]
[Round "4"]
[White "Buck, Klaus Michael"]
[Black "Eschweiler, Markus"]
[Result "1-0"]
[WhiteElo "1658"]
[BlackElo "1702"]
[PlyCount "120"]
[EventDate "2017.10.07"]
[EventType "swiss"]
[EventRounds "9"]
[EventCountry "ITA"]
[SourceTitle "CBM 181 Extra"]
[Source "ChessBase"]
[SourceDate "2017.12.12"]
[SourceVersion "1"]
[SourceVersionDate "2017.12.12"]
[SourceQuality "1"]

1. Nf3 g6 2. e3 Bg7 3. d4 d5 4. b3 Nf6 5. Nbd2 0-0 6. Bb2 a6 7. Be2 Bg4 8. h3 Bxf3 9. Bxf3 e6 10. 0-0 Nbd7 11. c4 c6 12. a4 Rb8 13. Ba3 Re8 14. Bd6 Rc8 15. Rc1 e5 16. cxd5 Nxd5 17. dxe5 Nxe5 18. Bxe5 Rxe5 19. Nc4 Re7 20. e4 Nf4 21. Qxd8+ Rxd8 22. Rcd1 Red7 23. Rxd7 Rxd7 24. Rd1 Bd4 25. b4 Kf8 26. Na5 Ne6 27. Bg4 h5 28. Be2 Ke7 29. Kf1 Rc7 30. Nb3 Bc3 31. b5 axb5 32. axb5 c5 33. Bc4 b6 34. Rd3 Bg7 35. g3 Ng5 36. h4 Nh7 37. Rf3 Ke8 38. Rd3 Nf6 39. f3 Nd7 40. f4 Nf6 41. e5 Nd7 42. Nd2 Nf8 43. Ne4 Ne6 44. Rd6 Rb7 45. Rxe6+ fxe6 46. Nd6+ Kd7 47. Nxb7 Bf8 48. Ke2 Be7 49. Kd3 Bf8 50. Kc3 Be7 51. Bd3 Kc7 52. Nd6 Bxd6 53. exd6+ Kxd6 54. Bxg6 Kd5 55. Bxh5 Ke4 56. Bd1 Kf5 57. Bf3 e5 58. fxe5 Kxe5 59. Kc4 Ke6 60. h5 Ke5 1-0

[Event "Arco op-A 39th"]
[Site "Arco"]
[Date "2017.10.08"]
[Round "2"]
[White "Buck, Klaus Michael"]
[Black "Prosperi, Agostino"]
[Result "0-1"]
[WhiteElo "1658"]
[BlackElo "1869"]
[PlyCount "100"]
[EventDate "2017.10.07"]
[EventType "swiss"]
[EventRounds "9"]
[EventCountry "ITA"]
[SourceTitle "CBM 181 Extra"]
[Source "ChessBase"]
[SourceDate "2017.12.12"]
[SourceVersion "1"]
[SourceVersionDate "2017.12.12"]
[SourceQuality "1"]

1. Nf3 d6 2. b3 Nf6 3. Bb2 e5 4. d3 Nc6 5. Nbd2 Be7 6. e3 0-0 7. Be2 Re8 8. 0-0 Bf8 9. c4 d5 10. cxd5 Nxd5 11. Nc4 f6 12. a3 Be6 13. Nfd2 b5 14. e4 Nf4 15. Ne3 Nd4 16. Bxd4 exd4 17. Nc2 Nxe2+ 18. Qxe2 Qd7 19. b4 c5 20. bxc5 Bxc5 21. Rfc1 Rac8 22. f3 Rc7 23. Qd1 a5 24. Ne1 Rec8 25. Nb3 Bb6 26. Rxc7 Rxc7 27. Nc1 Qc8 28. Ne2 b4 29. axb4 axb4 30. Rb1 Bc5 31. Nc2 Ba2 32. Rb2 Bf7 33. Nxb4 Rb7 34. Qe1 Rc7 35. Rb1 Rb7 36. Nc2 Rxb1 37. Qxb1 Qa6 38. Ne1 Qa5 39. Kf2 g6 40. Nxd4 Qa2+ 41. Qxa2 Bxd4+ 42. Ke2 Bxa2 43. Nc2 Bc3 44. Ne3 Kf7 45. f4 Ke6 46. g4 Bb3 47. h4 Bd4 48. h5 g5 49. Kf3 Bc3 50. fxg5 fxg5 0-1

[Event "Niedersachsen-ch Seniors 51st"]
[Site "Handeloh"]
[Date "2017.06.19"]
[Round "2"]
[White "Roehl, Manfred"]
[Black "Buck, Klaus Michael"]
[Result "1-0"]
[WhiteElo "1700"]
[BlackElo "1487"]
[PlyCount "57"]
[EventDate "2017.06.18"]
[EventType "swiss"]
[EventRounds "7"]
[EventCountry "GER"]
[SourceTitle "EXT 2023"]
[Source "ChessBase"]
[SourceDate "2022.10.05"]
[SourceVersion "1"]
[SourceVersionDate "2022.10.05"]
[SourceQuality "1"]

1. d4 e6 2. Nf3 d5 3. e3 c5 4. c3 Nc6 5. Bd3 cxd4 6. exd4 h6 7. 0-0 Bd6 8. Re1 Nge7 9. Nbd2 Bd7 10. Nf1 Rc8 11. Bd2 Bb8 12. Rc1 0-0 13. Bb1 Ng6 14. Ng3 f5 15. a3 Kh7 16. Qc2 Nh4 17. Ne5 Nxd4 18. Qd3 Nb3 19. Nxd7 Nxc1 20. Nxf8+ Qxf8 21. Bxc1 Qf7 22. f4 Ng6 23. Ne2 a6 24. g3 Nf8 25. Nd4 Ba7 26. Be3 b5 27. Nxf5 Bxe3+ 28. Rxe3 Qg6 29. Ne7 1-0

[Event "WchT Seniors 50"]
[Site "Radebeul"]
[Date "2016.07.04"]
[Round "9.25"]
[White "Seifert, Klaus"]
[Black "Buck, Klaus Michael"]
[Result "1-0"]
[WhiteElo "1886"]
[BlackElo "1680"]
[PlyCount "120"]
[EventDate "2016.06.26"]
[EventType "team-swiss"]
[EventRounds "9"]
[EventCountry "GER"]
[SourceTitle "CBM 173 Extra"]
[Source "ChessBase"]
[SourceDate "2016.08.29"]
[SourceVersion "1"]
[SourceVersionDate "2016.08.29"]
[SourceQuality "1"]
[WhiteTeam "Bannewitz"]
[BlackTeam "Stoertebeker"]
[WhiteTeamCountry "GER"]
[BlackTeamCountry "GER"]

1. e4 e6 2. d4 d5 3. Nc3 Bb4 4. e5 c5 5. a3 Bxc3+ 6. bxc3 Nc6 7. Qg4 g6 8. Nf3 h5 9. Qg5 Qxg5 10. Bxg5 Nh6 11. Bf6 Rg8 12. h3 c4 13. Be2 Ne7 14. Kd2 Kd7 15. Ng5 Re8 16. g4 Neg8 17. Nh7 Kc6 18. gxh5 Nxf6 19. Nxf6 Re7 20. hxg6 fxg6 21. Rag1 Rg7 22. h4 Bd7 23. h5 g5 24. f4 g4 25. Bxg4 Rf7 26. Bh3 Rh8 27. Rg6 Bc8 28. Rhg1 Kb5 29. Kc1 a5 30. Nxd5 exd5 31. Bxc8 Rxc8 32. Rxh6 Rxf4 33. Rf6 Rh4 34. h6 Rh8 35. Rgg6 Ka4 36. Kb2 b5 37. Rd6 Rf8 38. Rgf6 Rg8 39. Rg6 Rf8 40. Rdf6 Rh8 41. e6 Re4 42. Rg7 b4 43. axb4 axb4 44. cxb4 Rb8 45. h7 Kxb4 46. Rg8 c3+ 47. Ka2 Rb7 48. Ra8 Re2 49. h8Q Rxc2+ 50. Kb1 Rb2+ 51. Kc1 Kc4 52. Rc8+ Kb3 53. Qh3 Rc2+ 54. Kd1 Kb2 55. Rf2 Rxf2 56. Qxc3+ Kb1 57. Qc1+ Ka2 58. Ra8+ Kb3 59. Qa3+ Kc4 60. Qa4+ Kc3 1-0

[Event "WchT Seniors 50"]
[Site "Radebeul"]
[Date "2016.06.28"]
[Round "3.4"]
[White "Buck, Klaus Michael"]
[Black "Vollak, Andreas"]
[Result "0-1"]
[WhiteElo "1680"]
[BlackElo "2024"]
[PlyCount "100"]
[EventDate "2016.06.26"]
[EventType "team-swiss"]
[EventRounds "9"]
[EventCountry "GER"]
[SourceTitle "CBM 173 Extra"]
[Source "ChessBase"]
[SourceDate "2016.08.29"]
[SourceVersion "1"]
[SourceVersionDate "2016.08.29"]
[SourceQuality "1"]
[WhiteTeam "Stoertebeker"]
[BlackTeam "Potsdam Empor"]
[WhiteTeamCountry "GER"]
[BlackTeamCountry "GER"]

1. Nf3 d5 2. b3 Nf6 3. Bb2 e6 4. e3 Be7 5. c4 0-0 6. Nc3 b6 7. Be2 Bb7 8. d3 c5 9. d4 Nbd7 10. 0-0 a6 11. a4 Qc7 12. cxd5 exd5 13. Rc1 Rac8 14. dxc5 bxc5 15. Nd2 Qe5 16. Nf3 Qh5 17. Nd4 Qe5 18. Nf3 Qd6 19. Ba3 Rfe8 20. Nd4 Qe5 21. Nf3 Qb8 22. Qd2 Bd6 23. h3 d4 24. exd4 Bf4 25. Qd3 Bxc1 26. Bxc1 cxd4 27. Nxd4 Qe5 28. f4 Qc5 29. Bb2 Nb6 30. Kh1 Rcd8 31. Nb1 Re4 32. Bf3 Rexd4 33. Bxd4 Rxd4 34. Qxd4 Qxd4 35. Rd1 Qxd1+ 36. Bxd1 Kf8 37. Kg1 Ke7 38. Kf2 Kd6 39. Nd2 Ne4+ 40. Nxe4+ Bxe4 41. g3 a5 42. Ke3 Bg2 43. h4 Kc5 44. Bc2 h6 45. g4 Nd5+ 46. Kf2 Nxf4 47. Kg3 g5 48. Bh7 Bd5 49. hxg5 hxg5 50. Bf5 Bxb3 0-1

[Event "GER-chA Seniors 27th"]
[Site "Magdeburg"]
[Date "2015.08.22"]
[Round "8"]
[White "Wendland, Gerd"]
[Black "Buck, Klaus Michael"]
[Result "1/2-1/2"]
[WhiteElo "1891"]
[BlackElo "1719"]
[PlyCount "75"]
[EventDate "2015.08.15"]
[EventType "swiss"]
[EventRounds "9"]
[EventCountry "GER"]
[SourceTitle "EXT 2018"]
[Source "ChessBase"]
[SourceDate "2017.10.13"]
[SourceVersion "1"]
[SourceVersionDate "2017.10.13"]
[SourceQuality "1"]

1. d4 e6 2. c4 d5 3. Nc3 Nf6 4. Bg5 Nbd7 5. Nf3 c6 6. e3 Bb4 7. cxd5 exd5 8. Bd3 Qa5 9. Qb3 Ne4 10. Rc1 0-0 11. Bf4 Ndf6 12. 0-0 Bg4 13. Ne5 Nd2 14. Qc2 Nxf1 15. Kxf1 Be6 16. f3 Bxc3 17. bxc3 h6 18. h4 Nh5 19. Bh2 Qd8 20. Qf2 Nf6 21. Qe2 Nd7 22. g4 Qa5 23. Bb1 Qa3 24. Ke1 f6 25. Ng6 Rf7 26. Qg2 Nb6 27. Qc2 Nc4 28. Bf4 b5 29. g5 fxg5 30. Ne7+ Rxe7 31. hxg5 Qa4 32. gxh6 Qxc2 33. Rxc2 gxh6 34. Bxh6 Bf5 35. Rg2+ Kf7 36. Bxf5 Nxe3 37. Bxe3 Rxe3+ 38. Kf2 1/2-1/2

[Event "GER-chA Seniors 27th"]
[Site "Magdeburg"]
[Date "2015.08.20"]
[Round "6"]
[White "Buck, Klaus Michael"]
[Black "Strohbusch, Frank"]
[Result "1-0"]
[WhiteElo "1719"]
[BlackElo "1846"]
[PlyCount "93"]
[EventDate "2015.08.15"]
[EventType "swiss"]
[EventRounds "9"]
[EventCountry "GER"]
[SourceTitle "EXT 2018"]
[Source "ChessBase"]
[SourceDate "2017.10.13"]
[SourceVersion "1"]
[SourceVersionDate "2017.10.13"]
[SourceQuality "1"]

1. Nf3 d5 2. b3 Nf6 3. Bb2 e6 4. e3 c5 5. c4 Nc6 6. Be2 d4 7. exd4 cxd4 8. d3 Be7 9. 0-0 0-0 10. Qc1 e5 11. Ba3 Nb4 12. Nxe5 Re8 13. Nf3 Bg4 14. Qd2 a5 15. Bb2 Bc5 16. a3 Nc6 17. h3 Bh5 18. Bd1 Ne5 19. Nxe5 Bxd1 20. Nxf7 Qc7 21. Qxd1 Kxf7 22. Nd2 Re7 23. Nf3 Qd6 24. Qd2 b6 25. Rfe1 Rae8 26. Rxe7+ Rxe7 27. Re1 h6 28. Rxe7+ Kxe7 29. Qe2+ Kf7 30. Qe5 Bxa3 31. Qxd6 Bxd6 32. Bxd4 Bc5 33. Bxf6 Kxf6 34. d4 Bd6 35. g4 g5 36. Kf1 Be7 37. Ke2 Ke6 38. Kd3 Kd6 39. Ne5 Bf8 40. Ke4 Bg7 41. f4 gxf4 42. Kxf4 Ke6 43. Nf3 Bf8 44. Nd2 Bd6+ 45. Ke4 Be7 46. Nf3 Bf6 47. h4 1-0

[Event "GER-chA Seniors 27th"]
[Site "Magdeburg"]
[Date "2015.08.18"]
[Round "4"]
[White "Fleischer, Martin"]
[Black "Buck, Klaus Michael"]
[Result "1-0"]
[WhiteElo "1859"]
[BlackElo "1719"]
[PlyCount "87"]
[EventDate "2015.08.15"]
[EventType "swiss"]
[EventRounds "9"]
[EventCountry "GER"]
[SourceTitle "EXT 2018"]
[Source "ChessBase"]
[SourceDate "2017.10.13"]
[SourceVersion "1"]
[SourceVersionDate "2017.10.13"]
[SourceQuality "1"]

1. e4 e6 2. d4 d5 3. exd5 exd5 4. Nf3 Nf6 5. Bd3 Bd6 6. 0-0 0-0 7. Bg5 Bg4 8. Nbd2 Nbd7 9. c3 h6 10. Bh4 c6 11. b4 Qc7 12. h3 Bh5 13. Bxf6 Nxf6 14. a4 a5 15. b5 cxb5 16. Bxb5 Qxc3 17. Rc1 Bxf3 18. Nxf3 Qa3 19. Rb1 Ne4 20. Ra1 Nc3 21. Rxa3 Nxd1 22. Rb3 Nxf2 23. Rxf2 Rac8 24. Rb1 Rc3 25. Ne5 Bb4 26. Nd3 Bd6 27. Rf5 Rd8 28. Rbf1 f6 29. R5f3 Rc7 30. Nf4 Bxf4 31. Rxf4 Rc2 32. R1f3 Kh8 33. Rc3 Rd2 34. Rc7 b6 35. Rg4 g5 36. h4 f5 37. hxg5 Rf8 38. Rh4 f4 39. Rc6 Kg7 40. Rcxh6 f3 41. Rf4 Rh8 42. Kf1 Rxh6 43. gxh6+ Kxh6 44. Rxf3 1-0

[Event "GER-chA Seniors 27th"]
[Site "Magdeburg"]
[Date "2015.08.17"]
[Round "3"]
[White "Hallmann, Eberhard"]
[Black "Buck, Klaus Michael"]
[Result "1-0"]
[WhiteElo "1912"]
[BlackElo "1719"]
[PlyCount "73"]
[EventDate "2015.08.15"]
[EventType "swiss"]
[EventRounds "9"]
[EventCountry "GER"]
[SourceTitle "EXT 2018"]
[Source "ChessBase"]
[SourceDate "2017.10.13"]
[SourceVersion "1"]
[SourceVersionDate "2017.10.13"]
[SourceQuality "1"]

1. e4 e6 2. d4 d5 3. exd5 exd5 4. Bd3 Bd6 5. Qf3 Nf6 6. h3 Qe7+ 7. Ne2 h6 8. Nbc3 c6 9. Bf4 Be6 10. Bxd6 Qxd6 11. 0-0-0 Nbd7 12. Nf4 0-0-0 13. Rhe1 g5 14. Nxe6 fxe6 15. Qe3 Nf8 16. Qf3 N8d7 17. Qe3 Nh5 18. g3 Ng7 19. Re2 Rdf8 20. Rf1 Nf5 21. Bxf5 exf5 22. f4 Re8 23. Qd3 Qf6 24. fxg5 Qxg5+ 25. Kb1 Rxe2 26. Nxe2 Rf8 27. g4 Rf6 28. Nf4 Nf8 29. Re1 Kd7 30. Qe3 Kc7 31. Qe7+ Kb6 32. Qc5+ Ka6 33. Nd3 b6 34. Nb4+ Kb7 35. Re7+ Kc8 36. Re8+ Kd7 37. Qe7# 1-0

[Event "Niedersachsen-ch Seniors 49th"]
[Site "Wesel Undeloh"]
[Date "2015.07.25"]
[Round "7"]
[White "Buck, Klaus Michael"]
[Black "Schencke, Guenther"]
[Result "0-1"]
[WhiteElo "1582"]
[BlackElo "1591"]
[PlyCount "82"]
[EventDate "2015.07.19"]
[EventType "swiss"]
[EventRounds "7"]
[EventCountry "GER"]
[SourceTitle "EXT 2018"]
[Source "ChessBase"]
[SourceDate "2017.10.13"]
[SourceVersion "1"]
[SourceVersionDate "2017.10.13"]
[SourceQuality "1"]

1. Nf3 d5 2. b3 g6 3. Bb2 Nf6 4. e3 Bg7 5. Be2 Bg4 6. h3 Bxf3 7. Bxf3 c6 8. 0-0 0-0 9. d3 Nbd7 10. Nd2 Qc7 11. Rc1 Ng4 12. Bxg4 Bxb2 13. Rb1 Bg7 14. c4 e6 15. Rc1 Qe5 16. d4 Qd6 17. cxd5 cxd5 18. Rc2 Rac8 19. Qc1 Qb8 20. Be2 Rxc2 21. Qxc2 Rc8 22. Qb2 Qc7 23. Bd3 Nf6 24. Nf3 Ne4 25. Bxe4 dxe4 26. Nd2 f5 27. b4 Qc2 28. Qb3 Kf7 29. Nb1 Qxb3 30. axb3 b5 31. Rd1 Bf8 32. Kf1 Bxb4 33. Ke2 Rc2+ 34. Kf1 Ke7 35. d5 exd5 36. Rxd5 Rc1+ 37. Ke2 Rxb1 38. f3 Rb2+ 39. Kf1 exf3 40. Rxb5 fxg2+ 41. Kg1 a5 0-1

[Event "Niedersachsen-ch Seniors 49th"]
[Site "Wesel Undeloh"]
[Date "2015.07.24"]
[Round "6"]
[White "Gudat, Alfons"]
[Black "Buck, Klaus Michael"]
[Result "1-0"]
[WhiteElo "1754"]
[BlackElo "1582"]
[PlyCount "45"]
[EventDate "2015.07.19"]
[EventType "swiss"]
[EventRounds "7"]
[EventCountry "GER"]
[SourceTitle "EXT 2018"]
[Source "ChessBase"]
[SourceDate "2017.10.13"]
[SourceVersion "1"]
[SourceVersionDate "2017.10.13"]
[SourceQuality "1"]

1. Nf3 g6 2. e4 Bg7 3. Bc4 e6 4. 0-0 c6 5. d4 d5 6. exd5 cxd5 7. Bb3 Ne7 8. c4 0-0 9. Nc3 Nbc6 10. c5 b6 11. Bg5 h6 12. Bh4 bxc5 13. dxc5 Bxc3 14. bxc3 Qa5 15. c4 dxc4 16. Bxc4 Rd8 17. Qc1 Qxc5 18. Qxh6 Qh5 19. Qxh5 gxh5 20. Rfd1 Bb7 21. Rab1 Rxd1+ 22. Rxd1 Nf5 23. Bf6 1-0

[Event "Hessen-ch Seniors op 11th"]
[Site "Bad Sooden-Allendorf"]
[Date "2015.05.12"]
[Round "4"]
[White "Buck, Klaus Michael"]
[Black "Mertens, Gottfried"]
[Result "0-1"]
[WhiteElo "1689"]
[BlackElo "1898"]
[PlyCount "110"]
[EventDate "2015.05.09"]
[EventType "swiss"]
[EventRounds "9"]
[EventCountry "GER"]
[SourceTitle "EXT 2018"]
[Source "ChessBase"]
[SourceDate "2017.10.13"]
[SourceVersion "1"]
[SourceVersionDate "2017.10.13"]
[SourceQuality "1"]

1. Nf3 f5 2. b3 Nf6 3. Bb2 e6 4. e3 Be7 5. Be2 0-0 6. 0-0 d6 7. d3 e5 8. Nbd2 Nc6 9. c4 b6 10. a3 a5 11. Qc2 Bd7 12. Ne1 Nb8 13. Bf3 Bc6 14. Bxc6 Nxc6 15. Nef3 Qd7 16. h3 Nh5 17. Kh2 Bf6 18. Ng1 g6 19. Rab1 Bg7 20. Qd1 Rae8 21. Ba1 Nf6 22. b4 axb4 23. axb4 Ra8 24. Qb3 Kh8 25. Bc3 d5 26. b5 Na5 27. Bxa5 Rxa5 28. cxd5 Nxd5 29. Nc4 Ra7 30. Nf3 e4 31. dxe4 fxe4 32. Nfe5 Bxe5+ 33. Nxe5 Qd6 34. Rbd1 Qxe5+ 35. Kg1 Nf6 36. Rd2 Ra1 37. Rfd1 Rxd1+ 38. Rxd1 Kg7 39. Rd4 Rf7 40. Qc4 Rd7 41. Rxd7+ Nxd7 42. Qc6 Nf6 43. g3 Qc5 44. Qb7 Qd6 45. g4 h6 46. Kg2 g5 47. Qc8 Qd7 48. Qb7 Kg6 49. Kg3 Qxb5 50. Qxc7 Qc5 51. Qb7 b5 52. h4 gxh4+ 53. Kxh4 b4 54. f4 exf3 55. Qxf3 Qg5+ 0-1

[Event "MVP-ch Seniors op 14th"]
[Site "Binz"]
[Date "2014.12.02"]
[Round "8"]
[White "Buck, Klaus Michael"]
[Black "Kuhnert, Werner Eberhard"]
[Result "1-0"]
[WhiteElo "1485"]
[BlackElo "1179"]
[PlyCount "66"]
[EventDate "2014.11.25"]
[EventType "swiss"]
[EventRounds "9"]
[EventCountry "GER"]
[SourceTitle "EXT 2016"]
[Source "ChessBase"]
[SourceDate "2015.10.08"]
[SourceVersion "1"]
[SourceVersionDate "2015.10.08"]
[SourceQuality "1"]

1. b4 b6 2. Bb2 Nf6 3. e3 e6 4. a3 a5 5. b5 Bb7 6. Nf3 d6 7. a4 Be7 8. Be2 Nbd7 9. 0-0 0-0 10. c4 Nc5 11. d4 Ncd7 12. Nc3 d5 13. cxd5 exd5 14. Bd3 h6 15. Qc2 Rc8 16. Rac1 c6 17. Qe2 c5 18. dxc5 Nxc5 19. Bc2 Re8 20. Nd4 Nce4 21. Nxe4 dxe4 22. Rfd1 Qd7 23. Nc6 Qe6 24. Nd4 Qg4 25. Qxg4 Nxg4 26. Nf5 Bf6 27. Bxf6 Nxf6 28. Nd6 Rxc2 29. Nxe8 Rxc1 30. Nxf6+ gxf6 31. Rxc1 Bd5 32. Rd1 Be6 33. Rd6 Bb3 1-0

[Event "MVP-ch Seniors op 14th"]
[Site "Binz"]
[Date "2014.12.01"]
[Round "7"]
[White "Vietinghoff, Klaus"]
[Black "Buck, Klaus Michael"]
[Result "1-0"]
[WhiteElo "1678"]
[BlackElo "1485"]
[PlyCount "129"]
[EventDate "2014.11.25"]
[EventType "swiss"]
[EventRounds "9"]
[EventCountry "GER"]
[SourceTitle "EXT 2016"]
[Source "ChessBase"]
[SourceDate "2015.10.08"]
[SourceVersion "1"]
[SourceVersionDate "2015.10.08"]
[SourceQuality "1"]

1. f4 d5 2. Nf3 Bf5 3. e3 Nf6 4. b3 Nbd7 5. Bb2 e6 6. Be2 Be7 7. 0-0 c5 8. Bb5 a6 9. Bxd7+ Qxd7 10. Ne5 Qd8 11. g4 Bg6 12. d3 d4 13. e4 h6 14. Nd2 Qc7 15. Qe2 Bd6 16. Ndc4 Bxe5 17. Nxe5 0-0-0 18. Rae1 Nd7 19. Nxg6 fxg6 20. f5 gxf5 21. gxf5 exf5 22. Rxf5 Qc6 23. Qg4 Kb8 24. Ref1 Nf6 25. Qg3+ Ka8 26. Bc1 Rd7 27. Qg6 Qc8 28. Bd2 Re7 29. h3 Re6 30. Qg3 Rc6 31. Kh2 Qf8 32. e5 Re6 33. exf6 gxf6 34. R5f2 Rg8 35. Qf3 Qg7 36. Rg2 Qc7+ 37. Bf4 Rxg2+ 38. Kxg2 Qg7+ 39. Qg3 Qe7 40. Bxh6 f5 41. Bf4 Qf7 42. h4 Rg6 43. Bg5 Re6 44. Rf2 Qh5 45. Rxf5 Re2+ 46. Rf2 Rxf2+ 47. Qxf2 Qg4+ 48. Kh2 Ka7 49. Qg2 Qd1 50. Kh3 a5 51. a4 Ka6 52. Bf4 Qh5 53. Qg4 Qd5 54. Qg6+ Ka7 55. Qe4 Qd7+ 56. Kg3 Qg7+ 57. Bg5 Qc7+ 58. Kg4 Qc8+ 59. Qf5 Qc6 60. Kf4 Qc7+ 61. Qe5 Qf7+ 62. Bf6 Qf8 63. Qe7 Qh6+ 64. Ke4 Qh5 65. Qxc5+ 1-0

[Event "MVP-ch Seniors op 14th"]
[Site "Binz"]
[Date "2014.11.25"]
[Round "1"]
[White "Schroeder, Christian"]
[Black "Buck, Klaus Michael"]
[Result "1-0"]
[WhiteElo "1860"]
[BlackElo "1485"]
[PlyCount "77"]
[EventDate "2014.11.25"]
[EventType "swiss"]
[EventRounds "9"]
[EventCountry "GER"]
[SourceTitle "EXT 2016"]
[Source "ChessBase"]
[SourceDate "2015.10.08"]
[SourceVersion "1"]
[SourceVersionDate "2015.10.08"]
[SourceQuality "1"]

1. c4 e6 2. d4 d5 3. Nf3 Nf6 4. Nc3 c6 5. Bg5 Be7 6. e3 h6 7. Bh4 Nbd7 8. Bd3 dxc4 9. Bxc4 Nd5 10. Bxe7 Qxe7 11. 0-0 N7f6 12. Re1 Qb4 13. Qb3 Qxb3 14. Bxb3 0-0 15. Rad1 Nd7 16. e4 N5f6 17. h3 Nb6 18. Ne5 Nfd7 19. f4 Nxe5 20. fxe5 a5 21. a4 Nd7 22. Rd2 c5 23. dxc5 Nxe5 24. Red1 Nc6 25. Nb5 Rb8 26. Rd6 Kh8 27. Kh2 g6 28. Nd4 Kg7 29. Bc4 Ne5 30. Bb5 Kf6 31. Nb3 Ra8 32. Nd4 Rb8 33. Nf3 Nxf3+ 34. gxf3 Kg7 35. Rd8 b6 36. Rxf8 Kxf8 37. Rd8+ Ke7 38. Re8+ Kf6 39. cxb6 1-0

[Event "GER-ch North Seniors 48th"]
[Site "Sottrum"]
[Date "2014.05.30"]
[Round "5"]
[White "Buck, Klaus Michael"]
[Black "Kahle, Hartmut"]
[Result "0-1"]
[WhiteElo "1730"]
[BlackElo "1462"]
[PlyCount "78"]
[EventDate "2014.05.26"]
[EventType "swiss"]
[EventRounds "7"]
[EventCountry "GER"]
[SourceTitle "EXT 2018"]
[Source "ChessBase"]
[SourceDate "2017.10.13"]
[SourceVersion "1"]
[SourceVersionDate "2017.10.13"]
[SourceQuality "1"]

1. b4 e5 2. a3 d6 3. Bb2 Nf6 4. Nf3 Nc6 5. e3 a6 6. c4 Be7 7. Be2 0-0 8. 0-0 h6 9. d4 exd4 10. Nxd4 Ne5 11. h3 Bd7 12. Nf3 Nxf3+ 13. Bxf3 Rb8 14. Nd2 Bc6 15. Qb3 Qd7 16. Bxc6 bxc6 17. Qc2 c5 18. bxc5 dxc5 19. Rfd1 Qc6 20. Nf3 Qe4 21. Qxe4 Nxe4 22. Be5 Bd6 23. Bxd6 cxd6 24. Nd2 Nc3 25. Re1 Rb2 26. Rac1 Rxd2 27. Rxc3 Rb8 28. Rf1 Rbb2 29. a4 Kf8 30. g3 Ke7 31. Kg2 Rbc2 32. Rxc2 Rxc2 33. Rb1 Rxc4 34. Rb7+ Ke6 35. Rb8 Rxa4 36. Re8+ Kd5 37. Re7 c4 38. Rxf7 c3 39. Rf4 Rxf4 0-1

[Event "GER-ch North Seniors 48th"]
[Site "Sottrum"]
[Date "2014.05.28"]
[Round "3"]
[White "Buck, Klaus Michael"]
[Black "Klein, Manfred"]
[Result "0-1"]
[WhiteElo "1730"]
[BlackElo "1820"]
[PlyCount "96"]
[EventDate "2014.05.26"]
[EventType "swiss"]
[EventRounds "7"]
[EventCountry "GER"]
[SourceTitle "EXT 2018"]
[Source "ChessBase"]
[SourceDate "2017.10.13"]
[SourceVersion "1"]
[SourceVersionDate "2017.10.13"]
[SourceQuality "1"]

1. Nf3 Nf6 2. b4 g6 3. Bb2 Bg7 4. c4 d6 5. d3 0-0 6. e3 e5 7. Nbd2 Nc6 8. a3 Be6 9. e4 Nd7 10. Nb3 f5 11. b5 Ncb8 12. Be2 fxe4 13. dxe4 Qe7 14. 0-0 Nf6 15. Qc2 Nbd7 16. Ng5 c6 17. a4 h6 18. Nxe6 Qxe6 19. Ba3 c5 20. a5 Rad8 21. Rad1 b6 22. a6 Nh7 23. Bc1 Ndf6 24. h3 Ng5 25. Bxg5 hxg5 26. f3 Nh5 27. Nc1 Kf7 28. Rf2 Rh8 29. Bf1 Qf6 30. Ne2 Nf4 31. Nxf4 exf4 32. Qd2 Qe6 33. Qd5 Qxd5 34. Rxd5 Bd4 35. Rxg5 Bxf2+ 36. Kxf2 Rh5 37. Rg4 g5 38. Bd3 Kf6 39. Ke2 Rh4 40. Kd2 Rxg4 41. fxg4 Ke5 42. Kc3 f3 43. gxf3 Kf4 44. Be2 Rh8 45. Kd2 Rxh3 46. e5 dxe5 47. Bd3 Rxf3 48. Bf5 e4 0-1